000
00259nam a2200097Ia 4500
001
680180
005
20250826161336.0
008
250824s9999 xx 000 0 und d
245
0
_a
ALEV SAÇLI ÇOCUK
_c
CHRİSTİNE NÖSTLİNGER
260
_b
GÜNIŞIĞI KİTAPLIĞI
999
_c
680180
_d
680180